[Event "Open Game Cup"]
[Site "SchemingMind.com"]
[Date "2023.07.10"]
[Round "-"]
[White "Andrea Carra"]
[Black "spoke"]
[Result "1-0"]
[WhiteCountry "ITA"]
[BlackCountry "GER"]
[WhiteElo "1897"]
[WhiteRD "93"]
[BlackElo "1845"]
[BlackRD "64"]
[GameID "735434"]

1. e4 e5 2. Nf3 Nc6 3. Bc4 Nf6 4. d3 Be7 5. a3 d5 6. exd5 Nxd5 7. h3 O-O 8. O-O a6 9. Nc3 Nxc3 10. bxc3 b5
11. Bb3 Bb7 12. Re1 Bf6 13. Be3 e4 14. Nd4 Nxd4 15. Bxd4 Bxd4 16. cxd4 Qxd4 17. dxe4 Rad8 18. Qh5 Rde8 19. Rad1 Qb6 20. Rd7 Qf6
21. f3 g6 22. Qc5 Bc8 23. Rxc7 Rd8 24. e5 Qf4 25. e6 Bxe6 26. Bxe6 fxe6 27. Qe7 Qf7 28. Qxe6 Qxe6 29. Rxe6 Rc8 30. Ra7 Rxc2
31. Ree7 Rfc8 32. Rg7+ Kf8 33. Rxh7 Kg8 34. Rhg7+
1-0

[Event "Open Game Cup"]
[Site "SchemingMind.com"]
[Date "2023.07.10"]
[Round "-"]
[White "spoke"]
[Black "Andrea Carra"]
[Result "1/2-1/2"]
[WhiteCountry "GER"]
[BlackCountry "ITA"]
[WhiteElo "1843"]
[WhiteRD "66"]
[BlackElo "1916"]
[BlackRD "90"]
[GameID "735435"]

1. e4 e5 2. Nf3 Nf6 3. Nc3 Nc6 4. Bb5 d6 5. d4 Bd7 6. O-O Be7 7. Bxc6 bxc6 8. dxe5 Ng4 9. exd6 cxd6 10. Bf4 Qb8
11. Rb1 O-O 12. h3 Nf6 13. e5 dxe5 14. Bxe5 Qb7 15. Bd6 Rfe8 16. Re1 Bxd6 17. Qxd6 Rad8 18. Rxe8+ Rxe8 19. Nd4 Qc8 20. Rd1 c5
21. Nb3 c4 22. Nd4 Qb7 23. b3 cxb3 24. cxb3 h6 25. Qf4 a5 26. Nf5 Qb4 27. Nxh6+ Kf8 28. Qxb4+ axb4 29. Nd5 Nxd5 30. Rxd5 Be6
31. Rb5 gxh6 32. Rxb4 Ra8 33. a4 Ke7 34. Rb5 Kd6 35. a5 Kc6 36. Rb6+ Kc5 37. b4+ Kc4 38. a6 h5 39. b5 Kc5 40. Rb7 Bd5
41. Re7 Kxb5 42. Re5 Kc5 43. Rxh5 Rxa6 44. g4 Rg6 45. Rf5 Kd4 46. f4 Ke4 47. Re5+ Kd4 48. Rf5 Be6 49. Ra5 Bxg4 50. Ra4+ Ke3
51. hxg4 Rxg4+ 52. Kh2 Rxf4 53. Ra3+ Ke4 54. Kg3 Rf6 55. Ra4+ Kf5 56. Rf4+ Ke6 57. Re4+ Kd7 58. Kg4 Re6 59. Ra4 Ke7 60. Rf4 Rf6
61. Re4+ Kf8 62. Kg5 Kg7 63. Ra4 Rg6+ 64. Kf5 Rf6+ 65. Kg5 Rg6+=
1/2-1/2

[Event "Open Game Cup"]
[Site "SchemingMind.com"]
[Date "2023.08.04"]
[Round "-"]
[White "Robert Hatfield"]
[Black "maro"]
[Result "1-0"]
[WhiteCountry "USA"]
[BlackCountry "MEX"]
[WhiteElo "1778"]
[WhiteRD "63"]
[BlackElo "1467"]
[BlackRD "64"]
[GameID "736188"]

1. e4 e5 2. Nf3 Nc6 3. Nc3 Bc5 4. Nxe5 Nxe5 5. d4 Bb4 6. dxe5 Qh4 7. Qf3 d6 8. Bc4 Be6 9. Bxe6 fxe6 10. Bd2 d5
11. exd5 exd5 12. Qxd5 Ne7 13. Qxb7 O-O 14. O-O Rad8 15. Rad1 Bc5 16. Ne4 Rb8 17. Qxc7 Bb6 18. Qc4+ Kh8 19. Qe2 Rbc8 20. Bg5 Rxc2
21. Qxc2 Qg4 22. Bxe7 Re8 23. Bd6
1-0

[Event "Open Game Cup"]
[Site "SchemingMind.com"]
[Date "2023.08.04"]
[Round "-"]
[White "maro"]
[Black "Robert Hatfield"]
[Result "0-1"]
[WhiteCountry "MEX"]
[BlackCountry "USA"]
[WhiteElo "1467"]
[WhiteRD "64"]
[BlackElo "1778"]
[BlackRD "63"]
[GameID "736189"]

1. e4 e5 2. d4 exd4 3. Nf3 Bc5 4. Nxd4 Nf6 5. Nc3 O-O 6. e5 Bxd4 7. Qxd4 Nc6 8. Qd1 Nxe5 9. Bd3 d5 10. h3 Re8
11. O-O h6 12. f4 Nxd3 13. Qxd3 c5 14. b3 d4 15. Nb5 a6 16. Na3 b5 17. c4 Bb7 18. cxb5 Qd5 19. Nc4 Qxg2#
0-1

[Event "Open Game Cup"]
[Site "SchemingMind.com"]
[Date "2023.08.09"]
[Round "-"]
[White "ray winteringham"]
[Black "Chessibelle"]
[Result "1-0"]
[WhiteCountry "ENG"]
[BlackCountry "ENG"]
[WhiteElo "1431"]
[WhiteRD "46"]
[BlackElo "1106"]
[BlackRD "57"]
[GameID "736360"]

1. e4 e5 2. Bc4 Nf6 3. d3 d5 4. exd5 Nxd5 5. h3 c6 6. Bd2 Bc5 7. Qf3 O-O 8. Nc3 Be6 9. O-O-O Qb6 10. Bb3 Na6
11. Ne4 Be7 12. Ne2 f6 13. Bxd5 Bxd5 14. Be3 Qa5 15. N2c3 Nb4 16. a3 Na2+ 17. Nxa2 Bxa2 18. Nc3 Be6 19. Bd2 h6 20. Ne4 Qb6
21. Bc3 a5 22. d4 Qb5 23. Kd2 b6 24. Ra1 Rfd8 25. Ke3 c5 26. a4 Qd7 27. dxe5 f5 28. Rhd1 Bd5 29. Qg3 Bf8 30. Nf6+
1-0

[Event "Open Game Cup"]
[Site "SchemingMind.com"]
[Date "2023.08.09"]
[Round "-"]
[White "Chessibelle"]
[Black "ray winteringham"]
[Result "0-1"]
[WhiteCountry "ENG"]
[BlackCountry "ENG"]
[WhiteElo "1106"]
[WhiteRD "57"]
[BlackElo "1431"]
[BlackRD "46"]
[GameID "736361"]

1. e4 e5 2. Nc3 a6 3. g3 Nf6 4. Bg2 Bc5 5. h3 d6 6. Nf3 Nc6 7. O-O Be6 8. b3 O-O 9. d3 Qd7 10. Ng5 h6
11. Nxe6 Qxe6 12. Kh1 Bd4 13. Bd2 b5 14. Rb1 Ne7 15. f3 Nh5 16. Be1 Bxc3 17. Bxc3 Nxg3+ 18. Kg1 Nxf1 19. Kxf1 Ng6 20. Ba5 c6
21. c4 c5 22. a3 Nf4 23. Qd2 Nxh3 24. Ke2 Nf4+ 25. Kd1 Qg6 26. Bf1 f5 27. Kc2 fxe4 28. a4 b4 29. Kb2 exf3 30. Ka1 Qf6
31. Ka2 g5 32. Qe3 g4 33. Qe4 h5 34. Qc6 h4 35. Qd7 g3 36. Qg4+ Kf7 37. Qxf3 Ke7 38. Qb7+ Ke6 39. Re1 g2 40. Bc7 h3
41. Qc6 Nxd3 42. Qxd6+ Kf7 43. Qxd3 gxf1=Q 44. Rxf1 Qxf1 45. Qxf1+ Ke7 46. Qe2 Rf6 47. Qxe5+ Kf7 48. Qd5+ Kg7 49. Be5 Rf8 50. Qxc5 h2
51. Qd5 Kg6 52. Qd3+ Rf5 53. Bxh2 Kg7 54. Qc3+ bxc3
0-1

[Event "Open Game Cup"]
[Site "SchemingMind.com"]
[Date "2023.08.11"]
[Round "-"]
[White "Clive Everill"]
[Black "The Stonewall"]
[Result "0-1"]
[WhiteCountry "CZE"]
[BlackCountry "ENG"]
[WhiteElo "1679"]
[WhiteRD "61"]
[BlackElo "2313"]
[BlackRD "78"]
[GameID "736378"]

1. e4 e5 2. Nc3 Nf6 3. Nf3 Bb4 4. Nxe5 O-O 5. Be2 Re8 6. Nd3 Bxc3 7. dxc3 Nxe4 8. O-O d6 9. Bf3 Bf5 10. Be3 Nc6
11. g4 Bd7 12. Nf4 Ng5 13. Bg2 Ne5 14. h3 h6 15. Bd4 Bc6 16. Bxc6 bxc6 17. Kg2 Nef3 18. Be3 Rb8 19. b3 Qf6 20. c4 Qe5
21. Rh1 Nh4+ 22. Kf1 Ngf3 23. Nh5 d5 24. cxd5 cxd5 25. c4 d4 26. Bf4 Qe4 27. Bxh6 Nd2+
0-1

[Event "Open Game Cup"]
[Site "SchemingMind.com"]
[Date "2023.08.11"]
[Round "-"]
[White "wight knight"]
[Black "Arthur Wilding"]
[Result "1-0"]
[WhiteCountry "ENG"]
[BlackCountry "WLS"]
[WhiteElo "1203"]
[WhiteRD "60"]
[BlackElo "1152"]
[BlackRD "61"]
[GameID "736452"]

1. e4 e5 2. Bc4 d6 3. Qf3 Nf6 4. d3 Bg4 5. Qe3 Bd7 6. b3 Be7 7. a4 Nc6 8. Qg3 O-O 9. Bh6 Nh5 10. Be3 Nxg3
11. hxg3 Nd4 12. Bxd4 exd4 13. Bb5 Bxb5 14. axb5 d5 15. Nf3 Qd6 16. Nbd2 b6 17. e5 Qd8 18. g4 Qd7 19. Nxd4 Bg5 20. N2f3 h6
21. Nxg5 hxg5 22. O-O-O Qxg4 23. Rh2 Qxd4 24. Rdh1 Qxe5 25. Rh8#
1-0

[Event "Open Game Cup"]
[Site "SchemingMind.com"]
[Date "2023.08.11"]
[Round "-"]
[White "Arthur Wilding"]
[Black "wight knight"]
[Result "1-0"]
[WhiteCountry "WLS"]
[BlackCountry "ENG"]
[WhiteElo "1152"]
[WhiteRD "61"]
[BlackElo "1203"]
[BlackRD "60"]
[GameID "736453"]

1. e4 e5 2. d3 Bc5 3. Nf3 f6 4. Nc3 Bd4 5. Bd2 Bxc3 6. Bxc3 Ne7 7. Qd2 d6 8. O-O-O O-O 9. g3 Bg4 10. Be2 Bxf3
11. Bxf3 d5 12. Bb4 Nbc6 13. Bxe7 Nxe7 14. c4 dxc4 15. dxc4 Qxd2+ 16. Rxd2 a5 17. Rhd1 a4 18. Rd7 Nc6 19. Be2 Nb4 20. Kb1 a3
21. Rxc7 axb2 22. Bg4 Rxa2 23. Rxb7 Ra1+ 24. Kxb2 Rxd1 25. Rxb4 Rd2+ 26. Kb3 Rxf2 27. Be6+ Kh8 28. h3 Rf3+ 29. Ka4 Rxg3 30. c5 Rxh3
31. Bxh3 h5 32. c6 Rf7 33. Rb7 Rf8 34. c7 Ra8+ 35. Kb5 Rc8 36. Bxc8 h4 37. Bh3 f5 38. Bxf5 g6 39. c8=Q#
1-0

[Event "Open Game Cup"]
[Site "SchemingMind.com"]
[Date "2023.08.12"]
[Round "-"]
[White "eliecercruzr"]
[Black "Robert Bruce"]
[Result "0-1"]
[WhiteCountry "CUB"]
[BlackCountry "SCO"]
[WhiteElo "2292"]
[WhiteRD "59"]
[BlackElo "2323"]
[BlackRD "68"]
[GameID "736458"]

1. e4 e5 2. Nf3 Qe7 3. Bc4 h6 4. O-O Nf6 5. d4 d6 6. Nc3 c6 7. a4 Bg4 8. dxe5 dxe5 9. h3 Bh5 10. g4 Bg6
11. a5 Qc7 12. Nh4 Nbd7 13. Nxg6 fxg6 14. Qe2 O-O-O 15. Be3 Kb8 16. Rfb1 Bb4 17. f3 g5 18. Na4 h5 19. Qf2 a6 20. c3 hxg4
21. hxg4 Bd6 22. b4 Rdf8 23. Qe2 Rh6 24. Rd1 Rfh8 25. Kf1 Nd5 26. exd5 Rh1+ 27. Bg1 e4 28. Qxe4 cxd5 29. Rxd5 Bh2 30. Rxd7 Qxd7
31. Nc5 Qc7 32. Ke2 Bxg1 33. Ne6 Qg3 34. Kd3 Bf2 35. Rxh1 Rxh1 36. Kc2 Qg1 37. Kb3 Qd1+ 38. Qc2 Qxf3 39. Nxg5 Qd1 40. Qxd1 Rxd1
41. Be2 Rg1 42. Kc2 Rg3 43. Ne4 Re3 44. Bd3 Be1 45. g5 Bg3 46. g6 Bh4 47. Kd2 Re1 48. Nc5 Re7 49. Bc4 Bf2 50. Ne6 Kc8
51. Kd3 Kd7 52. Ng5 Re3+ 53. Kd2 Re5 54. Nf3 Re7 55. Bd5 Kd6 56. c4 Kc7 57. Kc3 Re3+ 58. Kd2 Ra3 59. Kc2 Kb8 60. Be4 Ka7
61. c5 Bg3 62. Bd5 Re3 63. Kd2 Bf4 64. Kc2 Kb8 65. Nd4 Bc7 66. Kd2 Rg3 67. Be4 Be5 68. Nc2 Bc3+ 69. Ke2 Rh3 70. Kf2 Be5
71. Ke2 Bc3 72. Kf2 Rh8 73. Ke3 Rd8 74. Bd3 Kc8 75. Ke4 Kb8 76. Ke3 Ka7 77. Ke4 Rd7 78. b5 Bxa5 79. bxa6 bxa6 80. Nd4 Bc3
81. Ne6 a5 82. Bc2 Bb2 83. Ba4 Rd2 84. Bb5 Rd1 85. Be8 Bf6 86. c6 Kb6 87. Bd7 Re1+ 88. Kf3 Be5 89. Kf2 Rd1 90. Kf3 Bc7
91. Kg4 Rd6 92. Ng5 a4 93. Ne4 Rxc6 94. Bxc6 Kxc6 95. Nc3 a3 96. Na2 Kd5
0-1

[Event "Open Game Cup"]
[Site "SchemingMind.com"]
[Date "2023.08.12"]
[Round "-"]
[White "Robert Bruce"]
[Black "eliecercruzr"]
[Result "1-0"]
[WhiteCountry "SCO"]
[BlackCountry "CUB"]
[WhiteElo "2329"]
[WhiteRD "68"]
[BlackElo "2298"]
[BlackRD "64"]
[GameID "736459"]

1. e4 e5 2. a3 Nf6 3. Nc3 Bc5 4. Nf3 d6 5. Bc4 Nc6 6. d3 O-O 7. Na4 Bb6 8. O-O h6 9. c3 Ne7 10. Nh4 Bg4
11. Qe1 Be6 12. Nxb6 axb6 13. Bxe6 fxe6 14. g3 Qe8 15. Qe2 Qh5 16. f3 d5 17. Ng2 Nc6 18. Rf2 b5 19. Be3 d4 20. g4 Qe8
21. cxd4 exd4 22. Bd2 b4 23. f4 bxa3 24. bxa3 Rf7 25. Nh4 Nd7 26. Nf3 Nc5 27. g5 hxg5 28. Nxg5 Rf6 29. Kh1 Qe7 30. Rg2 Rg6
31. Rg4 Rh6 32. Qg2 Nxd3 33. Rg1 Rg6 34. Rg3 Rxa3 35. f5 exf5 36. exf5 Rxg5 37. Rxg5 Qe4 38. Rxg7+ Kf8 39. Qxe4 Nf2+ 40. Kg2 Nxe4
41. Bh6
1-0

[Event "Open Game Cup"]
[Site "SchemingMind.com"]
[Date "2023.08.12"]
[Round "-"]
[White "Helga1946"]
[Black "William Lindberg"]
[Result "1/2-1/2"]
[WhiteCountry "GER"]
[BlackCountry "USA"]
[WhiteElo "2425"]
[WhiteRD "69"]
[BlackElo "2340"]
[BlackRD "66"]
[GameID "736460"]

1. e4 e5 2. Nf3 Nc6 3. Bb5 Bc5 4. O-O Nf6 5. Nxe5 Nxe4 6. Qe2 Nxe5 7. d4 Be7 8. dxe5 a6 9. Qxe4 axb5 10. Nc3 c6
11. Qg4 Kf8 12. Qg3 d6 13. exd6 Qxd6 14. Bf4 Qg6 15. Qe3 Qf5 16. Rad1 Be6 17. Ne2 Bd5 18. Rfe1 Qe4 19. Qxe4 Bxe4 20. Nd4 Bg6
21. a3 h5 22. Rd2 b4 23. axb4 Bxb4 24. c3 Be7 25. h3 Bf6 26. Be5 Bxe5 27. Rxe5 Rh6 28. Nf3 Re8 29. h4 Rxe5 30. Nxe5 Ke7
31. Re2=
1/2-1/2

[Event "Open Game Cup"]
[Site "SchemingMind.com"]
[Date "2023.08.13"]
[Round "-"]
[White "William Lindberg"]
[Black "Helga1946"]
[Result "0-1"]
[WhiteCountry "USA"]
[BlackCountry "GER"]
[WhiteElo "2341"]
[WhiteRD "69"]
[BlackElo "2427"]
[BlackRD "72"]
[GameID "736461"]

1. e4 e5 2. Nf3 Nc6 3. Bb5 a6 4. Bxc6 dxc6 5. O-O Bg4 6. h3 Bh5 7. g4 Bg6 8. Nxe5 Ne7 9. d4 h5 10. Nc3 hxg4
11. Qxg4 Bh5 12. Qg3 f6 13. Nd3 Qd7 14. Nc5 Qc8 15. Be3 b6 16. Nd3 Qd7 17. f4 O-O-O 18. Rae1 Kb7 19. Rf2 f5 20. Qg2 Qc8
21. Ne5 Be8 22. a4 a5 23. Rd2 Rd6 24. Rd3 Rf6 25. Bd2 Ng6 26. exf5 Qxf5 27. Ne4 Nxe5 28. dxe5 Rfh6 29. Ree3 Be7 30. Nf2 Bf7
31. Qe4 Qc8 32. Rf3 Be6 33. f5 Rh4 34. Ng4 Bd5 35. Rxd5 cxd5 36. Qxd5+ Kb8 37. Qd3 g6 38. Be1 gxf5 39. Qxf5 Rxh3 40. Qxc8+ Kxc8
41. Rxh3 Rxh3 42. Kg2 Rh5 43. Bg3 Bh4 44. Bh2 Kd7 45. b3 Ke6 46. Ne3 Be1 47. Bf4 Bc3 48. Nc4 c6 49. Nxb6 Bxe5 50. Be3 Rh2+
51. Kf3 Rxc2 52. Nc4 Rc3 53. Ke4 Rxb3 54. Bd2 Bc3 55. Bxc3 Rxc3 56. Kd4 Rxc4+ 57. Kxc4 Kd6 58. Kd4 c5+ 59. Ke4 Ke6 60. Kd3 Kd5
61. Kc3 c4 62. Kd2 Kd4 63. Kd1 Kc3 64. Ke2 Kb2
0-1

[Event "Open Game Cup"]
[Site "SchemingMind.com"]
[Date "2023.08.17"]
[Round "-"]
[White "ienybr"]
[Black "roscoe"]
[Result "1-0"]
[WhiteCountry "USA"]
[BlackCountry "USA"]
[WhiteElo "2316"]
[WhiteRD "98"]
[BlackElo "1146"]
[BlackRD "111"]
[GameID "736585"]

1. e4 e5 2. Nf3 d6 3. d4 c6 4. dxe5 h6 5. Nc3 Be7 6. Bc4 Be6 7. Bxe6 fxe6 8. Nd4 Qd7 9. Qh5+ Kd8 10. Bf4 dxe5
11. Bxe5 Nf6 12. Qh3 Kc8 13. O-O-O Rf8 14. Nxe6 Qe8 15. Nxf8+ Nfd7 16. Nxd7 Nxd7 17. Rd2 b5 18. Qe6
1-0

[Event "Open Game Cup"]
[Site "SchemingMind.com"]
[Date "2023.08.18"]
[Round "-"]
[White "roscoe"]
[Black "ienybr"]
[Result "0-1"]
[WhiteCountry "USA"]
[BlackCountry "USA"]
[WhiteElo "1146"]
[WhiteRD "111"]
[BlackElo "2316"]
[BlackRD "98"]
[GameID "736586"]

1. e4 e5 2. Nf3 Nc6 3. a3 Nf6 4. Nc3 d5 5. d4 exd4 6. Nxd4 Nxe4 7. Nxe4 dxe4 8. Nxc6 Qxd1+ 9. Kxd1 bxc6 10. Be3 h5
11. Bc4 h4 12. h3 Bd6 13. Ke2 f5 14. f4 Ke7 15. Rad1 a5 16. Kd2 Rb8 17. Bd4 Bxf4+ 18. Ke2 Be6 19. Bxg7 Bxc4+ 20. Kf2 Rhg8
21. Bd4 Rg3 22. Bc5+ Ke6 23. b3 e3+ 24. Kg1 Be2 25. Rd2 Rxg2+ 26. Kxg2 Rg8#
0-1

[Event "Open Game Cup"]
[Site "SchemingMind.com"]
[Date "2023.09.06"]
[Round "-"]
[White "Robert Hatfield"]
[Black "The Stonewall"]
[Result "0-1"]
[WhiteCountry "USA"]
[BlackCountry "ENG"]
[WhiteElo "1767"]
[WhiteRD "64"]
[BlackElo "2313"]
[BlackRD "78"]
[GameID "737032"]

1. e4 e5 2. Nf3 Nc6 3. Nc3 g6 4. d4 exd4 5. Nxd4 Bg7 6. Be3 Nf6 7. Qd2 O-O 8. O-O-O Re8 9. f3 d5 10. Bb5 Bd7
11. exd5 Nxd4 12. Bxd4 Bxb5 13. Nxb5 Qxd5 14. Nc3 Qc6 15. Qf2 b5 16. Ne4 Nxe4 17. fxe4 Bxd4 18. Rxd4 Rxe4 19. Rxe4 Qxe4 20. Re1 Qd5
21. b3 Rd8 22. Qf6 Qd6 23. Qh4 a6 24. Kb1 Kg7 25. h3 Qf6 26. Qe4 Rd2 27. Rg1 h6 28. g3 Qc3 29. h4 h5
0-1

[Event "Open Game Cup"]
[Site "SchemingMind.com"]
[Date "2023.09.06"]
[Round "-"]
[White "The Stonewall"]
[Black "Robert Hatfield"]
[Result "1-0"]
[WhiteCountry "ENG"]
[BlackCountry "USA"]
[WhiteElo "2313"]
[WhiteRD "78"]
[BlackElo "1767"]
[BlackRD "64"]
[GameID "737033"]

1. e4 e5 2. Nc3 Nf6 3. g3 d5 4. exd5 Nxd5 5. Bg2 Nxc3 6. bxc3 Bc5 7. Nf3 Nc6 8. O-O O-O 9. d3 Bg4 10. Qe1 Re8
11. Qe4 Qd7 12. Ng5 Bf5 13. Bh3 b6 14. Bxf5
1-0

[Event "Open Game Cup"]
[Site "SchemingMind.com"]
[Date "2023.10.27"]
[Round "-"]
[White "Andrea Carra"]
[Black "wight knight"]
[Result "1-0"]
[WhiteCountry "ITA"]
[BlackCountry "ENG"]
[WhiteElo "1929"]
[WhiteRD "102"]
[BlackElo "1234"]
[BlackRD "56"]
[GameID "738556"]

1. e4 e5 2. Nf3 f6 3. Bc4 b6 4. O-O Ba6 5. Bxa6 Nxa6 6. d4 g6 7. Nc3 Bh6 8. dxe5 Bxc1 9. Rxc1 c6 10. exf6 Qxf6
11. e5 Qe6 12. Nd4 Qe7 13. e6 dxe6 14. Nxc6 Qd7 15. Qf3 Qf7 16. Qd3 Ne7 17. Nxe7 Nc5 18. Qb5+ Kxe7 19. Rcd1 Rhd8 20. b4 Nb7
21. Qc6 Rxd1 22. Rxd1 Qe8 23. Qxb7+ Kf6 24. Qf3+ Kg7 25. Ne4 Qa4 26. Qf6+ Kh6 27. Rd3 Kh5 28. Rh3+ Kg4 29. f3#
1-0

[Event "Open Game Cup"]
[Site "SchemingMind.com"]
[Date "2023.10.27"]
[Round "-"]
[White "wight knight"]
[Black "Andrea Carra"]
[Result "0-1"]
[WhiteCountry "ENG"]
[BlackCountry "ITA"]
[WhiteElo "1234"]
[WhiteRD "56"]
[BlackElo "1929"]
[BlackRD "102"]
[GameID "738557"]

1. e4 e5 2. Bc4 Nf6 3. f3 Bc5 4. c3 O-O 5. d4 exd4 6. cxd4 Bb4+ 7. Bd2 Bxd2+ 8. Qxd2 d6 9. Ne2 Re8 10. O-O Be6
11. Bxe6 Rxe6 12. a4 Nbd7 13. d5 Re8 14. Nf4 c6 15. h4 cxd5 16. Nxd5 Nh5 17. Nf4 Ng3 18. Rd1 Qxh4 19. Nh3 Ne5 20. Nc3 Nxf3+
21. gxf3 Qxh3 22. Qh2 Qxh2+ 23. Kxh2 Nh5 24. Rxd6 Nf6 25. Nd5 Nxd5 26. Rxd5 Rad8 27. Rxd8 Rxd8 28. b4 g6 29. b5 f6 30. f4 Kf7
31. Rc1 Ke7 32. Rc7+ Rd7 33. Rxd7+ Kxd7 34. Kg3 Kd6 35. Kg4 b6 36. f5 g5 37. Kh5 Ke5 38. Kg4 Kxe4
0-1

[Event "Open Game Cup"]
[Site "SchemingMind.com"]
[Date "2024.01.13"]
[Round "-"]
[White "ienybr"]
[Black "Andrea Carra"]
[Result "1-0"]
[WhiteCountry "USA"]
[BlackCountry "ITA"]
[WhiteElo "2394"]
[WhiteRD "102"]
[BlackElo "1923"]
[BlackRD "101"]
[GameID "741325"]

1. e4 e5 2. Nf3 Nf6 3. Nxe5 d6 4. Nf3 Nxe4 5. Nc3 Nf6 6. d4 d5 7. Bd3 Bd6 8. Bg5 c6 9. Qe2+ Qe7 10. Ne5 Be6
11. O-O O-O 12. f4 h6 13. Bh4 Bc8 14. g4 Qe8 15. Bxf6 gxf6 16. g5 fxe5 17. Ne4 exf4 18. Nf6+
1-0

[Event "Open Game Cup"]
[Site "SchemingMind.com"]
[Date "2024.01.13"]
[Round "-"]
[White "Andrea Carra"]
[Black "ienybr"]
[Result "0-1"]
[WhiteCountry "ITA"]
[BlackCountry "USA"]
[WhiteElo "1923"]
[WhiteRD "101"]
[BlackElo "2394"]
[BlackRD "102"]
[GameID "741326"]

1. e4 e5 2. Nf3 Nc6 3. Bc4 Nf6 4. d3 Bc5 5. O-O d6 6. h3 h6 7. a3 g5 8. Be3 g4 9. hxg4 Rg8 10. Nh2 Nxg4
11. f3 Bxe3+
0-1

[Event "Open Game Cup"]
[Site "SchemingMind.com"]
[Date "2024.01.14"]
[Round "-"]
[White "Robert Bruce"]
[Black "Helga1946"]
[Result "1/2-1/2"]
[WhiteCountry "SCO"]
[BlackCountry "GER"]
[WhiteElo "2352"]
[WhiteRD "69"]
[BlackElo "2396"]
[BlackRD "72"]
[GameID "741377"]

1. e4 e5 2. f4 exf4 3. Nf3 Nf6 4. e5 Nh5 5. Be2 g5 6. O-O h6 7. d4 d6 8. c4 Ng7 9. Nc3 Nf5 10. exd6 cxd6
11. g4 Ne7 12. Qa4+ Bd7 13. Nb5 Bxb5 14. Qxb5+ Qd7 15. Qxd7+ Nxd7 16. Bd2 f5 17. gxf5 Bg7 18. Rae1 g4 19. Nh4 f3 20. Bd3 Bxd4+
21. Kh1 Kf8 22. Ng6+ Nxg6 23. fxg6 h5 24. Bf5 Rd8 25. h3 Ne5 26. Re4 Nc6 27. Kh2 Be5+ 28. Kg1 Re8 29. Be3 Kg7 30. hxg4 hxg4
31. Rxg4 Bxb2 32. Be4 Rh3 33. Rf4 Bf6 34. Rb1 Re7 35. Bf5 Rh5 36. Bf2 Ne5 37. c5 d5 38. Bd4 Nxg6 39. Bxf6+ Kxf6 40. Bxg6+ Kxg6
41. Kf2 Rf5 42. Kxf3 d4 43. Kg4 Rxc5 44. Rxd4 Rg5+ 45. Kf3 Rf5+ 46. Rf4 Rxf4+ 47. Kxf4 Kf7 48. Rd1=
1/2-1/2

[Event "Open Game Cup"]
[Site "SchemingMind.com"]
[Date "2024.01.13"]
[Round "-"]
[White "Helga1946"]
[Black "Robert Bruce"]
[Result "1/2-1/2"]
[WhiteCountry "GER"]
[BlackCountry "SCO"]
[WhiteElo "2390"]
[WhiteRD "69"]
[BlackElo "2347"]
[BlackRD "67"]
[GameID "741378"]

1. e4 e5 2. f4 d5 3. Nf3 exf4 4. exd5 Nf6 5. c4 Bd6 6. d4 O-O 7. Be2 c5 8. Nc3 cxd4 9. Qxd4 Na6 10. Bxf4 Bc5
11. Qd2 Re8 12. O-O-O Bb4 13. Bd3 Nc5 14. Be5 b5 15. Qg5 Nxd3+ 16. Rxd3 h6 17. Bxf6 hxg5 18. Bxd8 bxc4 19. Rd4 Rxd8 20. Rhd1 Bd6
21. Rxc4 g4 22. Nd4 Bxh2 23. b4 f5 24. b5 Bd7 25. Nc6 Re8 26. a4 Bd6 27. a5 Re3 28. Rf1 Rae8 29. b6 axb6 30. axb6 f4
31. Nb5 f3 32. gxf3 g3 33. Kb2 Re2+ 34. Rc2 Rxc2+ 35. Kxc2 g2 36. Rg1 Bc5 37. Rxg2 Bxb6 38. Nbd4 Bxd4 39. Nxd4 Re5 40. d6 Rd5
41. Kc3=
1/2-1/2

[Event "Open Game Cup"]
[Site "SchemingMind.com"]
[Date "2024.03.13"]
[Round "-"]
[White "The Stonewall"]
[Black "Helga1946"]
[Result "*"]
[WhiteCountry "ENG"]
[BlackCountry "GER"]
[WhiteElo "2262"]
[WhiteRD "77"]
[BlackElo "2403"]
[BlackRD "75"]
[GameID "743106"]

1. e4 e5 2. Bc4 Nf6 3. d3 Bc5 4. Nc3 c6 5. Nf3 d6 6. a3 a5 7. h3 O-O 8. d4 exd4 9. Nxd4 Re8 10. O-O Nxe4
11. Nxe4 Rxe4 12. c3 Nd7 13. Bd3 Re8 14. Qc2 h6 15. Bf4 Ne5 16. Bxe5 dxe5 17. Nb3 Ba7 18. Nd2 f5 19. Rad1 Qf6 20. Bc4+ Kh8
21. Rfe1 e4 22. Nf1 a4 23. Qd2 b5 24. Ba2 Bc5 25. Kh2 Be6 26. Bxe6 Rxe6 27. Qc2 Rae8
*

[Event "Open Game Cup"]
[Site "SchemingMind.com"]
[Date "2024.03.12"]
[Round "-"]
[White "Helga1946"]
[Black "The Stonewall"]
[Result "*"]
[WhiteCountry "GER"]
[BlackCountry "ENG"]
[WhiteElo "2403"]
[WhiteRD "75"]
[BlackElo "2262"]
[BlackRD "77"]
[GameID "743107"]

1. e4 e5 2. Nf3 Nf6 3. Nxe5 d6 4. Nf3 Nxe4 5. d4 d5 6. Bd3 Bd6 7. O-O O-O 8. Re1 Bf5 9. c4 c6 10. Nc3 Nxc3
11. bxc3 Bxd3 12. Qxd3 dxc4 13. Qxc4 Nd7 14. Bg5 Qc7 15. Be7 Nb6 16. Bxd6 Qxd6 17. Qb3 c5 18. dxc5 Qxc5 19. Re5 Qc6 20. Nd4 Qd7
21. g3 Rfe8 22. Rb5 Rac8 23. Ra5 Ra8 24. Rd1 Red8 25. Re1 h6 26. Re3 Re8 27. Nc2 Rec8 28. Nb4 a6 29. Rae5 Nc4 30. Rd3 Qh3
31. Re4 b5 32. Nd5 Re8 33. Ne7+ Kh8 34. Rd5 f6 35. Qc2 Ne5 36. Rdxe5 fxe5 37. Rxe5 Qd7 38. Qe4 Red8 39. Ng6+ Kg8 40. c4 bxc4
41. Ne7+
*